000 00358 a2200157 4500
001 75346
020 _a9788516085773
040 _cAnchieta - Colégio São Paulo
100 _aRocha, Ruth
240 1 0 _aBom dia, todas as cores
_lpor
245 1 0 _aBom dia, todas as cores
300 _a38
362 0 _a2013
650 4 _aLiteratura infantil
942 _cBK
999 _c75346
_d75346